| 000 | 00000nam 2200000za 4500 |
| 001 | 9.821335 |
| 003 | CaOODSP |
| 005 | 20221107143431 |
| 007 | cr ||||||||||| |
| 008 | 160719s1965 oncae||#o||||f001 0|fre d |
| 040 | |aCaOODSP|bfre |
| 043 | |an-cn--- |
| 086 | 1 |aNH17-67/1965F-PDF |
| 245 | 00|aModèles de petites maisons |h[ressource électronique] / |cpréparés par des architectes canadiennes pour la Société centrale d'hypothèques et de logement. |
| 260 | |aOttawa : |bSociété centrale d'hypothèques et de logement, |c[1965]. |
| 300 | |a260 p. : |bill., plans |
| 500 | |aTitre pris sur la couv. |
| 500 | |aPublié aussi en anglais sous le titre : Small house designs. |
| 504 | |aComprend un index. |
| 520 | 0 |aLa présente brochure renferme des illustrations de plus de 100 modèles de maisons dont les futurs propriétaires-occupants et les constructeurs peuvent se procuer les épures. Huit de ces modèles sont des variations de plans fondamentaux. Depuis environ dix-huit ans, grâce à la coopération d'architectes canadiens, on a pu reviser périodiquement et mettre à jour cette collection de plans choisis avec soin. |
| 692 | 07|2gccst|aArchitecture domestique |
| 692 | 07|2gccst|aLogement |
| 692 | 07|2gccst|aDessin d'architecture |
| 710 | 2 |aSociété centrale d'hypothèques et de logement (Canada) |
| 710 | 2 |aSociété canadienne d'hypothèques et de logement. |
| 775 | 08|tSmall house designs |w(CaOODSP)9.821333 |
| 856 | 40|qPDF|s12.03 Mo|uhttps://publications.gc.ca/collections/collection_2016/schl-cmhc/NH17-67-1965-fra.pdf |